[PAROLES] Andalouse-Kendji Girac - Statistiques

Statistiques générales
  • Ce quiz a été pris 2 741 fois
  • Le résultat moyen est 157 sur 198
Statistiques - réponses
Réponse % Correct
a
99%
le
98%
Tu
98%
tu
98%
dans
97%
te
97%
belle
96%
ma
96%
andalouse,
95%
Toi,
95%
toi
95%
Toi
95%
la
94%
tes
94%
aussi
93%
bouges,
93%
bouges
93%
et
93%
jalouse,
93%
Je
93%
je
93%
que
93%
quand
92%
de
88%
épaules,
87%
peau
87%
espagnole,
86%
tête.
86%
des
84%
Des
84%
perds
84%
plus
84%
danses
83%
ne
83%
vois
83%
nord,
82%
c'est
81%
soir,
81%
sur
81%
ça
80%
l'amour.
80%
lèvres
80%
temps
80%
autour,
79%
autour
79%
être
79%
s'arrête,
79%
airs
78%
danser
78%
monde
78%
peut-
78%
rouges.
78%
viens
78%
Oh!
77%
puis
77%
cheveux
76%
pas
76%
balances,
75%
n'a
74%
un
74%
d'importance,
73%
guitares,
73%
noirs
73%
comme
72%
Baïla
71%
reste
71%
me
70%
t'ai
69%
as
68%
feu.
67%
les
67%
soleil
67%
yeux
61%
cœur
54%
sud
53%
réveille.
52%
brûlant,
51%
une
50%
d'orient,
48%
sourire
47%
reine.
46%
bouger
45%
se
45%
j'aime
44%
voir
44%
brûles
43%
froid.
41%
qui
40%
corps
39%
il
39%
regard
39%
voix
39%
Ton
38%
mes
37%
lumière,
36%
ébène,
34%
n'y
34%
bousculent,
33%
m'éclaire.
32%
pensées
32%
ondule,
31%
déjà
24%
jour
5%
x2
0%
Aucun quiz correspondant
Distribution des résultats
% des personnes avec chaque résultat
Percentile par nombre de réponses
Votre historique - résultats
Vous n’avez pas pris ce quiz